El gran torbellino del mundo

保存先:
書誌詳細
第一著者: Baroja, Pío
フォーマット: 図書
言語:Undetermined
出版事項: Buenos Aires, Argentina Espasa Calpe 1942
主題:
タグ: タグ追加
タグなし, このレコードへの初めてのタグを付けませんか!

MARC

LEADER 00000nam a2200000Ia 4500
008 170316s9999 xx 000 0 und d
040 |a cru BVZT 
090 |a 862 B-6g 
100 |a Baroja, Pío 
245 |a El gran torbellino del mundo 
260 |a Buenos Aires, Argentina 
260 |b Espasa Calpe 
260 |c 1942 
300 |a 264 páginas 
650 |a LITERATURA ESPAÑOLA 
999 |c 9561  |d 9561 
942 |c 15 D  |h 862 B-6g  |2 z